Представление документа в формате RUSMARC

ПолеНазваниеЗначение
  Тип записи a
  Библиографический уровень a
001 Контрольный номер 8b6094de23a441ef9beee0479ac060d8
005 Дата корректировки 20241111135253.2
100 Данные общей обработки __
a Данные общей обработки 20241111 ||| 0rusy0189 ca
101 Язык документа 0_
a Язык текста rus
102 Страна публикации __
a Страна публикации RU
200 Заглавие и сведения об ответственности 1_
a Заглавие Записки из Колыбели Солнца
e Сведения, относящиеся к заглавию [интервью с Д. Карабегович о книге про Северную Корею "Записки из Колыбели Солнца"]
f Первые сведения об ответственности беседу вела Катерина Скобелева
461 Уровень набора _0
1 2000
a Маруся
463 Уровень физической единицы _0
1 2000
a № 11 (379)
v С. 32-34 : фот.
1 2101
d 2024
1 001870fb41d536b45e08b2025a00ec46693
600 Персоналии _1
a Персоналии (Фамилия) Карабегович
g Полное имя Диана
606 Тематические рубрики 0_
a Основная рубрика Русская литература - 21 в.
y Географическая подрубрика Корейская Народно-Демократическая Республика
610 Ключевые слова 0_
a Ключевые слова современная русская литература, записки, дневники, книги об иностранцах, книги о Северной Корее, книги о КНДР, записки путешественника, книги о зарубежных странах, зарубежные страны (х. л.), книги о восточных странах, книги о странах Востока, интервью с писателем, интервью с Карабегович, Записки из Колыбели Солнца (книга)
686 Индексы других классификаций __
a Классификационный индекс 83.3Р6
801 Источник записи _0
a Страна RU
b Организация УОБДЮ
c Дата составления 20241111
g Правила каталогизации RCR
801 Источник записи _1
a Страна RU
b Организация УОБДЮ
c Дата составления 20241111
g Правила каталогизации RCR
901 Тип документа __
t Тип документа b
w Контрольный № источника 870fb41d536b45e08b2025a00ec46693
905 Данные по созданию БЗ __
b Логин пользователя, который создал БЗ ibo10